| 000 | 01594 a2200193 4500 | ||
|---|---|---|---|
| 020 | _a0387201564 | ||
| 040 |
_aDLC _bDLC |
||
| 082 | 0 | 0 | _a621.34 |
| 100 | 1 |
_aIda, Nathan. _9109197 |
|
| 245 | 1 | 0 |
_aEngineering electromagnetics/ _cNathan Ida. |
| 250 | _a2nd ed. | ||
| 260 |
_aNew York : _bSpringer, _c2004. |
||
| 300 |
_axvii, 1235 p. : _bill. ; _c24 cm. |
||
| 505 | 0 | _a1. Vector algebra -- 2. Vector calculus -- 3. Coulomb's law and the electric field -- 4. Gauss's law and the electric potential -- 5. Boundary value problems : analytic methods of solution -- 6. Boundary value problems : numerical (approximate) methods -- 7. The steady electric current -- 8. The static magnetic field -- 9. Magnetic materials and properties -- 10. Faraday's law and induction -- 11. Maxwell's equations -- 12. Electromagnetic waves and propagation -- 13. Reflection and transmission of plane waves -- 14. Theory of transmission lines -- 15. The Smith chart, impedance matching, and transmission line circuits -- 16. Transients on transmission lines -- 17. Waveguides and resonators -- 18. Antennas and electromagnetic radiation. | |
| 520 | 1 | _a"The book is a comprehensive two semester textbook. It is written with all details of derivations included and all steps in solutions listed. It requires little beyond basic calculus and can be used for self-study. The wealth of examples and alternative explanations makes it approachable by students."--BK JACKET. | |
| 650 | 0 |
_aElectromagnetic devices _xMathematical models. _9109198 |
|
| 650 | 0 |
_aElectromagnetism _xMathematics. _92849 |
|
| 942 |
_cBK _k621.34 IDA _2ddc |
||
| 999 |
_c4540 _d4540 |
||